00760nai a2200193Ia 4500003000900000008004100009022002200050022002300072040001600095245008300111260008600194310001300280362003000293521006900323650004700392650002000439650001400459856009300473IN-BaIIA211028c9999 xx s 000 0 eng d a2168-0213 (Print) a2168-0221 (Online) cIIA Library 0aTransactions of the IRE Professional Group on Airborne Electronicsh[eJournal] aNew York, USAbThe Institute of Electrical and Electronics Engineers, Inc. (IEEE) aAnnually aPGAE-1;1951 - PGAE-6;1952 bSubscribed through National Knowledge Resource Consortium (NKRC) a Components, Circuits, Devices and Systems a Transportation aAerospace uhttps://ieeexplore.ieee.org/servlet/opac?punumber=5062335yClick Here to Access eJournal